LEADER 01266nam a2200301 i 4500 001 000000151590 003 CaOOAMICUS 005 20060705000000.0 008 060705s2005 it u000 u ita u 013 $a128929 020 $a88-8155-345-7 040 $aSeMil$bita 100 1 $aHerranz, Julián .$0(OLS)http://semarc/name/17189 245 10$aNei dintorni di Gerico :$bricordi degli anni con san Josemaria & con Giovanni Paolo 2. /$cJulián Herranz. 260 $aMilano :$bAres,$c2005. 300 $a474 p. ;$c21 cm. 490 0 $aSmeraldi ;$v7 500 $aDono del Card. Dionigi Tettamanzi. 650 4$aOpus Dei.$0(OLS)http://semarc/subject/6106 650 4$aChiesa cattolica - Sec. 20.$0(OLS)http://semarc/subject/17547 830 0$aSmeraldi ;$v7.$0(OLS)http://semarc/title/16042 850 $aSeMil 852 $aSeMil$W1$xVenegono$y1$m3H III 360$j103616$B103616$CSeMilBibl$Z2$F113655 $81 941 1 $a5 961 $aOmaggio: Tettamanzi Card. Dionigi 996 $6020$a88-8155-345-7$9(OLS)http://semarc/number/141202 996 $6245$aNei dintorni di Gerico :$bricordi degli anni con san Josemaria & con Giovanni Paolo 2.$9(OLS)http://semarc/title/221557 996 $6260$aMilano :$bAres$9(OLS)http://semarc/publisher/30250 LEADER 00887nam a2200229 i 4500 001 000000153800 003 CaOOAMICUS 005 20090313000000.0 008 090313s1964 it u000 u ita u 013 $a131143 040 $aSeMil$bita 245 13$aIl centenario del politecnico di Milano :$b1863-1963. 260 $aMilano :$bPolitecnico di Milano,$ccopyr. 1964. 300 $a542 p. :$bill. ;$c30 cm. 500 $aFondo card. Giovanni Colombo. 650 4$aMilano - Politecnico - Storia.$0(OLS)http://semarc/subject/30082 850 $aSeMil 852 $aSeMil$W1$xVenegono$y1$m3O V 28$j105689$B105689$CSeMilBibl$Z2$F142782 $81 941 1 $a3 961 $aLascito: Colombo Card. Giovanni 996 $6245$aIl centenario del politecnico di Milano :$b1863-1963$9(OLS)http://semarc/title/225027 996 $6260$aMilano :$bPolitecnico di Milano$9(OLS)http://semarc/publisher/48095